Statistics for Every Eminem song that hit the Billboard hot 100

Click here to take the quiz!

General Stats

  • This quiz has been taken 86 times
  • The average score is 17 of 60

Answer Stats

Peak Chart PositionYearSong% Correct
12010Love The Way You Lie
92%
12013Not Afraid
88%
12002Lose Yourself
87%
42000The Real Slim Shady
85%
12013The Monster
82%
22002Without Me
78%
72013Rap God
67%
512000Stan
65%
361999My Name Is
62%
82005When I'm Gone
52%
112005Mockingbird
50%
172009Beautiful
50%
42002Cleanin' Out My Closet
48%
12009Crack A Bottle
48%
32013Berzerk
45%
582000The Way I Am
43%
112018River
43%
62004Just Lose It
42%
232010No Love
40%
342005Like Toy Soldiers
38%
92009We Made You
35%
152003Superman
35%
142003Sing For The Moment
33%
22006Smack That
33%
142017Walk On Water
32%
452014Headlights
32%
42011I Need A Doctor
28%
82009Forever
27%
62006Shake That
27%
602005Ass Like That
22%
162013Survival
22%
252000Forgot About Dre
18%
3220093am
17%
252005Encore
17%
222014Guts Over Fear
15%
122006You Don't Know
15%
182010Drop The World
10%
992013Beautiful Pain
7%
712010Cold Wind Blows
5%
222017No Favors
5%
472015Phenomenal
5%
182010That's All She Wrote
5%
922018Believe
5%
272012My Life
5%
852009Insane
3%
972016Infinite
3%
93201025 To Life
3%
862017Untouchable
3%
252009Old Time's Sake
3%
802015Kings Never Die
3%
562010Roman's Revenge
3%
1002005Welcome 2 Detroit
3%
672010Elevator
2%
622010Won't Back Down
2%
822010Music Box
0%
802004One Day At A Time
0%
882010Talkin' 2 Myself
0%
942014Calm Down
0%
982012Throw That
0%
292010Hell Breaks Loose
0%

Score Distribution

Percentile by Number Answered

Percent of People with Each Score

Your Score History

You have not taken this quiz